Univerzálne kultúrno - adaptačné a voľnočasové centrá pre deti minoritných skupín

Guardado en:
Detalles Bibliográficos
Autor principal: Kiabová, Ema (Autor)
Otros Autores: Kusý, Martin (Orientador)
Formato: Manuscrito Libro
Lenguaje:eslovaco
Publicado: Bratislava 2017
Materias:
Acceso en línea:http://is.stuba.sk/zp/portal_zp.pl?podrobnosti=128328
Etiquetas: Agregar Etiqueta
Sin Etiquetas, Sea el primero en etiquetar este registro!

MARC

LEADER 00000ntm a22000003a 4500
001 stuzp64851
003 SK-STU
005 20210216074716.6
007 ta
008 150427s2015----xo-----f-mn---000-0-slo-d
040 |a STU  |b slo 
041 0 |a slo 
100 1 |a Kiabová, Ema  |u 058180  |k Z3  |4 aut  |U FAD Fakulta architektúry  |T FA Ústav architektúry občianskych budov  |X 7888  |U A8180  |Y 399  |7 A000007888 
242 0 1 |a Universal cultural-adaptive and leisure-time center for children of minority groups  |y eng 
245 1 0 |a Univerzálne kultúrno - adaptačné a voľnočasové centrá pre deti minoritných skupín 
260 |c 2017  |a Bratislava 
650 4 |a komunita  |2 slo 
650 4 |a minoritná skupina  |2 slo 
650 4 |a integrácia  |2 slo 
650 4 |a detské centrum  |2 slo 
650 4 |a kultúra  |2 slo 
650 4 |a minority group  |2 eng 
650 4 |a children's center  |2 eng 
650 4 |a culture  |2 eng 
650 4 |a community  |2 eng 
650 4 |a integration  |2 eng 
700 1 |a Kusý, Martin  |u 050900  |k Z1  |4 ths  |U FAD Fakulta architektúry  |T FA Dekanát  |X 3763  |U A0900  |Y 158  |7 A000003763 
856 4 |u http://is.stuba.sk/zp/portal_zp.pl?podrobnosti=128328  |u https://opac.crzp.sk/?fn=detailBiblioForm&sid=E7FF18FD4FFD5019DBF8EC3CC38C